| 000 | 00790nam a2200265 4500 | ||
|---|---|---|---|
| 001 | 10403 | ||
| 003 | BD-RjUL | ||
| 005 | 20241020120540.0 | ||
| 008 | 140123s1968 nyua b 001 0 eng | ||
| 035 | _a(BD-RjUL)10451 | ||
| 040 |
_aDLC _cDLC _dDLC _dBD-RjUL _beng |
||
| 041 | _aeng | ||
| 082 | 0 | 0 |
_a547.1224 _bREP 1968 |
| 100 | 1 |
_aReid, K. F. _932155 |
|
| 245 | 1 | 0 |
_aProperties and reactions of bonds in organic molecules / _cK. F. Reid. |
| 260 |
_aLondon; _aNew York : _aLongmans; _bAmerican Elsevier Pub. Co., _cc1968. |
||
| 300 |
_axiii, 556 p. : _billus. ; _c25 cm. |
||
| 350 | _a9.75 | ||
| 504 | _aBibliography: p. [530]-531. and index. | ||
| 650 | 0 |
_aChemistry, Organic. _932156 |
|
| 650 | 0 |
_aChemical bonds. _932157 |
|
| 942 |
_2ddc _cBK |
||
| 999 |
_c10403 _d10403 |
||